Ražňany (PO) Sv. Demetrius (1510)

Zobrazenie: pohľad na kostol zozadu pri plote rastú stromy

Bibliographic Details
Other Authors: Fiedler, Jiří, 1935-2014 (Photographer)
Format: Postcard
Language:Slovak
PhysicalDescription:1 pohľadnica čiernobiela 11 x 15 cm
Published: [Česko?] [vydavateľ neznámy] 1974
Subjects:

MARC

LEADER 00000nkm a2200000 4500
001 vtls011835823
003 SK-MaSNL
005 20260512122345.0
007 kp bo
008 210928s1974 xr g 00 k|slo
015 |a SNBG1974 
040 |a SNK  |b slo  |c SNK  |e rda 
041 0 |a slo 
043 |a e-xo--- 
044 |a xr  |c CZ 
072 7 |a 913  |x Regionálna geografia  |2 konspekt 
080 |a 913(437.6)  |2 2011 
080 |a 726:27-523.42  |2 2011 
080 |a (084.121)  |2 2011 
100 1 |a Fiedler, Jiří,  |d 1935-2014  |4 pht  |9 124234 
245 1 0 |a Ražňany (PO)  |b Sv. Demetrius (1510)  |c [foto:] Jiří Fiedler 
264 1 |a [Česko?]  |b [vydavateľ neznámy]  |c 1974 
300 |a 1 pohľadnica  |b čiernobiela  |c 11 x 15 cm 
336 |a statický obraz  |b sti  |2 rdacontent 
337 |a bez média  |b n  |2 rdamedia 
338 |a karta  |b no  |2 rdacarrier 
520 8 |a Zobrazenie: pohľad na kostol zozadu pri plote rastú stromy 
648 7 |a 1510  |2 SNKPH  |9 356232 
650 0 7 |a kostoly  |2 SNKPH  |9 3023 
651 7 |a Ražňany (Slovensko)  |2 SNKPHgeo  |9 57042 
655 7 |a miestne pohľadnice  |2 SNKPH  |9 70510 
958 |a GBN 
958 |a TL 
958 |a GC 
958 |a OND 
999 |c 601079  |d 603009 
952 |a SNK  |b SNK  |y PREZ  |7 0  |p 17A1293165  |o snkSP 91671  |0 0  |1 0  |4 0  |d 2019-01-22  |f 1  |l 0  |r 2026-02-23 15:53:57  |w 2026-02-23